000 00583nam a2200205Ia 4500
008 240729s9999 xx 000 0 und d
022 _a2055-0928
245 0 _aBMC Nutrition
260 _aUnited Kingdom
260 _bBMC
650 _a Chemical technology
650 _a Food processing and manufacture | Medicine
650 _a Home economics
650 _a Medicine (General)
650 _a Nutrition. Foods and food supply | Technology
650 _aTechnology
856 _uhttps://doaj.org/toc/843241982d754eeba47318e36afcf070
942 _2ddc
942 _cDOAJEJ
999 _c74463
_d74463
945 _a1
_bMadushi Gamage
_c1
_dMadushi Gamage